FIFA 16 - Best football players - Statistics

General Stats
  • This quiz has been taken 407 times
  • The average score is 106 of 401
Answer Stats
General Player % Correct
94 Lionel Messi
100%
93 Cristiano Ronaldo
99%
88 Neymar
95%
90 Luis Suarez
90%
90 Manuel Neuer
83%
89 Zlatan Ibrahimovic
83%
88 Andrès Iniesta
81%
87 Gareth Bale
81%
87 Luka Modric
79%
80 Adrien Silva
78%
88 David Silva
78%
88 Thiago Silva
78%
86 Karim Benzema
77%
87 Sergio Ramos
77%
90 Arjen Robben
76%
87 Robert Lewandowski
75%
89 Eden Hazard
73%
87 Sergio Agüero
71%
87 Franck Ribéry
70%
86 Paul Pogba
69%
87 Toni Kroos
69%
85 Gérard Piqué
68%
84 Gianluigi Buffon
65%
86 Kévin De Bruyne
65%
83 Marcelo
65%
86 David De Gea
64%
86 Diego Costa
64%
81 Douglas Costa
64%
87 Jérôme Boateng
64%
86 Marco Reus
64%
86 Sergio Busquets
64%
86 Thomas Müller
64%
86 Wayne Rooney
64%
87 Philipp Lahm
63%
85 Angel Di Maria
62%
84 Jordi Alba
62%
87 Mesut Özil
62%
86 Thibaut Courtois
62%
86 Alexis Sanchez
61%
84 Dani Alvès
61%
83 Diego Alves
61%
87 James Rodriguez
61%
83 Antoine Griezmann
60%
85 Edinson Cavani
60%
86 Mats Hummels
59%
84 Pepe
59%
87 Giorgio Chiellini
58%
82 Marc-André ter Stegen
58%
84 Ivan Rakitic
56%
81 Jesus Navas
56%
81 Daniel Carvajal
55%
85 David Alaba
55%
85 Vincent Kompany
55%
81 Kiko Casilla
54%
83 Leonardo Bonucci
54%
84 Gonzalo Higuain
53%
82 Raphaël Varane
52%
86 Bastian Schweinsteiger
51%
84 Hugo Lloris
51%
85 John Terry
51%
85 Petr Cech
51%
80 Romelu Lukaku
51%
85 Yaya Touré
51%
83 David Luiz
50%
85 Diego Godin
50%
84 Isco
50%
84 Steven Gerrard
50%
87 Cesc Fabregas
49%
84 Mario Götze
49%
82 Raheem Sterling
49%
84 Xabi Alonso
49%
84 Andrea Pirlo
48%
86 Arturo Vidal
48%
84 Robin van Persie
48%
82 Olivier Giroud
47%
84 Philippe Coutinho
47%
82 Pierre-Emerick Aubameyang
47%
83 Radamel Falcao
47%
83 Joe Hart
46%
80 Gonzalo Rodriguez
44%
83 Javier Mascherano
44%
83 Koke
44%
83 Ricardo Rodriguez
44%
83 Thiago Alcantara
44%
83 Claudio Bravo
43%
81 Inigo Martinez
43%
84 Jackson Martinez
43%
84 Javi Martinez
43%
80 Mohamed Salah
43%
84 Oscar
43%
83 Pedro
43%
82 Willian
43%
81 Alvaro Morata
42%
84 Marco Verratti
42%
84 Andrea Barzagli
41%
86 Carlos Tévez
41%
83 Gary Cahill
41%
83 Mario Mandzukic
40%
84 Juan Mata
39%
83 Laurent Koscielny
39%
84 Alexandre Lacazette
38%
83 Christian Eriksen
38%
80 David Villa
38%
84 Blaise Matuidi
37%
83 Daniel Sturridge
37%
82 Filipe Luis
37%
82 César Azpilicueta
36%
84 Claudio Marchisio
36%
81 Edin Dzeko
36%
80 Gökhan Töre
36%
81 Jan Oblak
36%
82 Roberto Firmino
36%
84 Iker Casillas
35%
82 Ilkay Gündogan
35%
84 Nemanja Matic
35%
82 Aaron Ramsey
34%
80 Fernandinho
34%
82 Lucas
34%
84 Miralem Pjanic
34%
84 Hulk
33%
82 Jan Vertonghen
33%
80 Javier Hernandez
33%
84 Javier Pastore
33%
81 Marquinhos
33%
81 Memphis Depay
33%
84 Nicolas Otamendi
33%
83 Sami Khedira
33%
81 Didier Drogba
32%
80 Giuseppe Rossi
32%
80 Mario Balotelli
32%
83 Per Mertesacker
32%
85 Santi Cazorla
32%
81 Theo Walcott
32%
83 Arda Turan
31%
83 Marek Hamsik
31%
83 Samir Handanovic
31%
84 Wesley Sneijder
31%
81 Dimitri Payet
30%
82 Dries Mertens
30%
80 Francesco Totti
30%
81 Lorenzo Insigne
30%
82 Pablo Zabaleta
30%
82 Salvatore Sirigu
30%
83 Daniele De Rossi
29%
81 Jack Wilshere
29%
82 Christian Benteke
28%
82 Juan Cuadrado
28%
81 Patrice Evra
28%
82 Alex Sandro
27%
80 Benat
27%
80 Ezequiel Lavezzi
27%
82 Kévin Trapp
27%
82 Nani
27%
80 Ramires
27%
81 Toby Alderweireld
27%
81 Ander Herrera
26%
84 Bernd Leno
26%
80 Branislav Ivanovic
26%
80 Gaël Clichy
26%
81 Ivan Perisic
26%
83 Joao Moutinho
26%
81 Kaka
26%
81 Miroslav Klose
26%
83 Samir Nasri
26%
83 Steve Mandanda
26%
81 Thiago Motta
26%
81 Jérémy Ménez
25%
80 Julian Draxler
25%
84 Miranda
25%
80 Moussa Dembélé
25%
85 Naldo
25%
83 Radja Nainggolan
25%
82 Victor Valdés
25%
81 Danilo
24%
84 Medhi Benatia
24%
80 Phil Jones
24%
82 Carlos Bacca
23%
80 Gabi
23%
81 Granit Xhaka
23%
80 Roberto
23%
82 Shinji Kagawa
23%
80 Eliaquim Mangala
22%
80 Gervinho
22%
81 Henrikh Mkhitaryan
22%
80 José Reina
22%
80 Nacho Monreal
22%
80 Serge Aurier
22%
81 Mamadou Sakho
21%
83 Nemanja Vidic
21%
83 Sokratis
21%
82 Yann Sommer
21%
81 Alex
20%
83 Benedikt Höwedes
20%
81 Dante
20%
80 James Milner
20%
82 Kostas Manolas
20%
81 Martin Skrtel
20%
82 Morgan Schneiderlin
20%
81 Nigel de Jong
20%
82 Shkodran Mustafi
20%
80 Xherdan Shaqiri
20%
82 Asmir Begovic
19%
81 Axel Witsel
19%
81 Juanfran
19%
82 Klaas-Jan Huntelaar
19%
81 Mathieu Valbuena
19%
81 Matteo Darmian
19%
80 Michael Carrick
19%
81 Quaresma
19%
81 Tiago
19%
80 Adam Lallana
18%
80 Fabio Coentrao
18%
83 Jérémy Mathieu
18%
80 Marc Bartra
18%
80 Neven Subotic
18%
82 Stephan Lichtsteiner
18%
80 André Gomes
17%
80 Fernando Llorente
17%
81 José Callejon
17%
80 Kieran Gibbs
17%
81 Loïc Rémy
17%
80 Mathieu Debuchy
17%
81 Mikel Arteta
17%
81 Sebastian Giovinco
17%
81 Wilfried Bony
17%
81 Alvaro Negredo
16%
80 Ashley Young
16%
82 Diego Lopez
16%
80 Éver Banega
16%
80 Layvin Kurzawa
16%
83 Leighton Baines
16%
83 Luiz Gustavo
16%
81 Lukasz Piszczek
16%
81 Marcos Rojo
16%
81 Martin Demichelis
16%
81 Nathan Clyne
16%
83 Stéphane Ruffier
16%
80 Thomas Vermaelen
16%
80 Tim Howard
16%
80 Alvaro Arbeloa
15%
80 André Schürrle
15%
83 Antonio Candreva
15%
82 Daniel Parejo
15%
82 Julio César
15%
81 Lars Bender
15%
82 Lucas Biglia
15%
83 Nicolas Gaitan
15%
80 Roman Bürki
15%
81 Rui Patricio
15%
80 Selcuk Inan
15%
80 Stephan El Shaarawy
15%
81 Stevan Jovetic
15%
80 Sven Bender
15%
83 Aymeric Laporte
14%
80 Daley Blind
14%
81 Danijel Subasic
14%
80 Georginio Wijnaldum
14%
80 Holger Badstuber
14%
81 Ralf Fährmann
14%
80 Ricardo Montolivo
14%
80 Ashley Williams
13%
83 Ezequiel Garay
13%
82 Fernando Muslera
13%
80 Gökhan Inler
13%
80 Joel Matip
13%
82 Kamil Glik
13%
81 Raul Albiol
13%
82 Stefan de Vrij
13%
81 André-Pierre Gignac
12%
81 Anthony Lopes
12%
82 Aritz Aduriz
12%
81 Bruno
12%
81 Gonzalo Castro
12%
81 Igor Akinfeev
12%
83 Karim Bellarabi
12%
82 Nolito
12%
81 Nuri Sahin
12%
80 Yacine Brahimi
12%
82 Carlos Vela
11%
81 Clint Dempsey
11%
81 Darijo Srna
11%
81 Diego Benaglio
11%
82 Grzegorz Krychowiak
11%
80 Jakub Blaszczykowski
11%
80 Maicon
11%
80 Robbie Keane
11%
80 Stefan Kießling
11%
81 Stefan Savic
11%
80 Aderlan Santos
10%
80 Coke
10%
80 Daniel Agger
10%
80 Federico Marchetti
10%
82 Jérémy Toulalan
10%
80 Kévin Mirallas
10%
80 Kévin Strootman
10%
81 Omer Toprak
10%
81 Phil Jagielka
10%
81 Raul Garcia
10%
81 Seamus Coleman
10%
80 Tomas Rosicky
10%
81 William Carvalho
10%
82 Yevgen Konoplyanka
10%
81 Allan
9%
82 Borja Valero
9%
80 Fredy Guarin
9%
80 Guillermo Ochoa
9%
80 Iker Muniain
9%
82 Jonas
9%
81 José Fonte
9%
82 Luisao
9%
81 Mattia Perin
9%
81 Miguel Moya
9%
80 Rodrigo Palacio
9%
81 Bojan Krkic
8%
81 Gary Medel
8%
81 Hernanes
8%
82 Jasper Cillessen
8%
80 Lassana Diarra
8%
81 Martin Caceres
8%
81 Sofiane Feghouli
8%
80 Tito
8%
81 Vincent Enyeama
8%
82 Alex Teixeira
7%
81 Benoit Costil
7%
82 Danny
7%
80 Domenico Berardi
7%
80 Javi Garcia
7%
82 Leandro Castan
7%
82 Maxime Gonalons
7%
80 Michael Bradley
7%
80 Paco Alcacer
7%
81 Roberto Pereyra
7%
81 Sergio Asenjo
7%
80 Taison
7%
81 Victor Ruiz
7%
81 Victor Vitolo
7%
81 Ander Iturraspe
6%
81 Antonio Cassano
6%
81 Benoit Trémoulinas
6%
81 Helton
6%
80 Jefferson Farfan
6%
80 José Gaya
6%
82 Loïc Perrin
6%
81 Marco Parolo
6%
81 Max Kruse
6%
80 Mikel San José
6%
81 Nicolas Nkoulou
6%
81 Raffael
6%
80 Ryan Shawcross
6%
81 Vicente Iborra
6%
80 Volkan Demirel
6%
80 Zoran Tosic
6%
80 Andrés Guardado
5%
81 Aymen Abdennour
5%
80 Bruno Martins Indi
5%
80 Domenico Criscito
5%
80 Eduardo Salvio
5%
80 Kevin Volland
5%
81 Mateo Musacchio
5%
80 Maximiliano Pereira
5%
80 Ron-Robert Zieler
5%
81 Simon Kjaer
5%
80 Andoni Iraola
4%
81 Aurélien Chedjou
4%
81 Éverton Ribeiro
4%
80 Filip Djordjevic
4%
80 James McCarthy
4%
80 Jardel
4%
80 Javi Fuego
4%
80 Marko Basa
4%
80 Mauricio
4%
80 Mikel Gonzalez
4%
80 Nikola Maksimovic
4%
80 Oleg Shatov
4%
80 Onur Kivrak
4%
81 Patrick Herrmann
4%
80 Stefano Mauri
4%
80 Vieirinha
4%
80 Bibras Natcho
3%
80 Igor Smolnikov
3%
81 Martin Stranzl
3%
80 Mbark Boussoufa
3%
80 Michel Vorm
3%
80 Quincy Promes
3%
80 Balazs Dzsudzsak
2%
80 Cédric Carrasso
2%
80 Igor Denisov
2%
80 Roberto Trashorras
2%
82 Roman Eremenko
2%
80 Salomon Rondon
2%
80 Tony Jantschke
2%
80 Vedran Corluka
2%
80 Andreas Samaris
1%
80 André Carrillo
1%
80 Daniel Carriço
1%
80 Oscar De Marcos
1%
80 Pablo Piatti
1%
80 Roman Shirokov
1%
80 Vicente Guaita
1%
81 Ignacio Camacho
0%
No matching quizzes found
Score Distribution
Percent of People with Each Score
Percentile by Number Answered
Your Score History
You have not taken this quiz